|
|
|
|
| LEADER |
01219nam a22002892a 4500 |
| 001 |
001830807 |
| 003 |
CZ BrMZK |
| 005 |
20220803144122.0 |
| 007 |
ta |
| 008 |
220803s1948 ru acfher|||||||||||rus d |
| 040 |
|
|
|a PNA001
|b cze
|d ABA010
|d BOA001
|
| 072 |
|
7 |
|a 821.161.1
|x Ruská literatura
|2 Konspekt
|9 25
|
| 100 |
1 |
|
|a Lermontov, Michail Jur‘jevič,
|d 1814-1841
|7 jn19990210374
|4 aut
|
| 245 |
1 |
0 |
|a Polnoje sobranije sočinenij.
|n Tom pervyj,
|p Stichotvorenija /
|c Michail Jur'jevič Lermontov ; [redakcija B.M. Ejchenbauma]
|
| 246 |
3 |
0 |
|a Stichotvorenija
|
| 260 |
|
|
|a Moskva ;
|a Leningrad :
|b Ogiz, Gosudarstvennoje izdatel'stvo chudožestvennoj literatury,
|c 1948
|
| 300 |
|
|
|a 393 s., [12] s. a [16] l. obr. příl. :
|b il. (část. barev.), portréty, faksim. ;
|c 21 cm
|
| 500 |
|
|
|a Rozložená tit. s.
|
| 504 |
|
|
|a Poznámky
|
| 655 |
|
7 |
|a ruská poezie
|7 fd133315
|2 czenas
|
| 655 |
|
7 |
|a sebrané spisy
|7 fd133355
|2 czenas
|
| 655 |
|
7 |
|a kritická vydání
|7 fd249727
|2 czenas
|
| 700 |
1 |
|
|a Èjchenbaum, Boris Michajlovič,
|d 1886-1959
|7 js20020805706
|4 edt
|
| 910 |
|
|
|a BOA001
|b 2-0236.872,1
|
| 990 |
|
|
|a BK
|
| 991 |
|
|
|b 202208
|
| 996 |
7 |
|
|b 2618741944
|c 2-0236.872,1
|l MZK
|r Sklad / do 24 hodin
|n 0
|w 001895603
|u 000010
|a 1
|e BOA001
|j MZK50
|s A
|